=LDR 00000nam 2200000 4500 =001 INLIS000000000017473 =005 20231018103647 =035 ##$$a 0010-061300000017473 =008 231018################g##########0#ind## =041 ##$$a Ind =082 ##$$a R.616.96 =090 ##$$a R.616.96, Atl a =245 ##$$a Atlas berwarna parasitologi klinik, /$c Editor, Tomio Yamaguchi ; alih bahasa, Lesmana Padmasudra =260 ##$$a Jakarta :$b EGC,$c 1994 =300 ##$$a x, 293 hlm : $b ilus ; $c 30 x 21 cm. =650 #4$$a Parasitologi Kedokteran =850 ##$$a NBPNMAT =020 ##$$a 979-448-155-6 =084 ##$$a R.616.96 ATL =250 ##$$a cet. 2 =520 ##$$a Indeks hlm. 285-293 =990 ##$$a 20600568 =990 ##$$a 20600569 =990 ##$$a 20600570 =990 ##$$a 20600571 =990 ##$$a 20600568 =990 ##$$a 20600569 =990 ##$$a 20600570 =990 ##$$a 20600571 =990 ##$$a 20600569 =990 ##$$a 20600568 =990 ##$$a 20600570 =990 ##$$a 20600571 =990 ##$$a 3116431164 =990 ##$$a 3116431164 =990 ##$$a 3116431164 =990 ##$$a 20601851 =990 ##$$a 20600568 =990 ##$$a 20600569 =990 ##$$a 20600570 =990 ##$$a 20600571 =990 ##$$a 1200603288 =990 ##$$a 1200603289 =990 ##$$a 20601853 =990 ##$$a 20600568 =990 ##$$a 20600569 =990 ##$$a 20600570 =990 ##$$a 20600571 =990 ##$$a 1200603288 =990 ##$$a 20601851 =990 ##$$a 20601852 =990 ##$$a 20600568 =990 ##$$a 20600569 =990 ##$$a 20600570 =990 ##$$a 20600571 =990 ##$$a 20601853 =990 ##$$a 20601851